List of Items in Enter the Gungeon - Statistics

General Stats
  • This quiz has been taken 113 times
  • The average score is 118 of 275
Answer Stats
Item % Correct
Dog
84%
Wolf
81%
Clone
74%
Master Round I
74%
Master Round II
74%
Master Round III
74%
Master Round IV
74%
Master Round V
74%
Orange
71%
Pig
71%
Fat Bullets
68%
Molotov
68%
Air Strike
65%
Enraging Photo
65%
Angry Bullets
61%
Bomb
61%
Cursed Bullets
61%
Disarming Personality
61%
Ghost Bullets
61%
Hot Lead
61%
Medkit
61%
Wingman
61%
Alpha Bullets
58%
Baby Good Mimic
58%
Box
58%
Napalm Strike
58%
Omega Bullets
58%
Silver Bullets
58%
Stout Bullets
58%
Table Tech Rocket
58%
Table Tech Shotgun
58%
Bloody 9mm
55%
Flak Bullets
55%
Gold Junk
55%
Heart Locket
55%
Junk
55%
Meatbun
55%
Military Training
55%
Owl
55%
Prime Primer
55%
Red Guon Stone
55%
Ring of Mimic Friendship
55%
Scattershot
55%
Table Tech Money
55%
Wax Wings
55%
+1 Bullets
52%
Arcane Gunpowder
52%
Baby Good Shelleton
52%
Blue Guon Stone
52%
Bottle
52%
Clown Mask
52%
Drill
52%
Glass Guon Stone
52%
Homing Bullets
52%
Hungry Bullets
52%
Ice Bomb
52%
Infuriating Note I
52%
Infuriating Note II
52%
Infuriating Note III
52%
Infuriating Note IV
52%
Infuriating Note V
52%
Infuriating Note VI
52%
Iron Coin
52%
Jetpack
52%
Map
52%
Mimic Tooth Necklace
52%
Proximity Mine
52%
Relodestone
52%
Singularity
52%
Super Space Turtle
52%
Table Tech Rage
52%
Bouncy Bullets
48%
C4
48%
Chaff Grenade
48%
Cigarettes
48%
Decoy
48%
Elder Blank
48%
Gilded Bullets
48%
Green Guon Stone
48%
Gungeon Blueprint
48%
Irradiated Lead
48%
Lichy Trigger Finger
48%
Magic Bullets
48%
Planar Lead
48%
Ser Junkan
48%
Shadow Clone
48%
Shock Rounds
48%
Sixth Chamber
48%
Space Friend
48%
Spice
48%
Sunglasses
48%
Yellow Chamber
48%
Zombie Bullets
48%
Ammo Synthesizer
45%
Amulet of the Pit Lord
45%
Armor of Thorns
45%
Armor Synthesizer
45%
Backup Gun
45%
Badge
45%
Battery Bullets
45%
Broccoli
45%
Chaos Bullets
45%
Crutch
45%
Daruma
45%
Explosive Decoy
45%
Frost Bullets
45%
Gunboots
45%
Gundromeda Strain
45%
Gunknight Armor
45%
Gunknight Gauntlet
45%
Gunknight Greaves
45%
Gunknight Helmet
45%
Heart Lunchbox
45%
Heart of Ice
45%
Heart Synthesizer
45%
Heavy Bullets
45%
Lament Configurum
45%
Lies
45%
Master of Unlocking
45%
Muscle Relaxant
45%
Orange Guon Stone
45%
Platinum Bullets
45%
Ration
45%
Scope
45%
Shadow Bullets
45%
Shotga Cola
45%
Shotgun Coffee
45%
Smoke Bomb
45%
Sponge
45%
Supply Drop
45%
Table Tech Blank
45%
Turkey
45%
Weird Egg
45%
White Guon Stone
45%
Backpack
42%
Ballot
42%
Big Boy
42%
Bug Boots
42%
Cartographer's Ring
42%
Chaos Ammolet
42%
Cog of Battle
42%
Devolver Rounds
42%
Double Vision
42%
Duct Tape
42%
Escape Rope
42%
Explosive Rounds
42%
Friendship Cookie
42%
Full Metal Jacket
42%
Gold Ammolet
42%
Gun Soul
42%
Hazmat Suit
42%
Heart Bottle
42%
Helix Bullets
42%
Hidden Compartment
42%
Knife Shield
42%
Loot Bag
42%
Melted Rock
42%
Monster Blood
42%
Obsidian Shell Casing
42%
Pink Guon Stone
42%
Portable Table Device
42%
Potion of Gun Friendship
42%
Remote Bullets
42%
Ring of the Resourceful Rat
42%
Rocket-Powered Bullets
42%
Springheel Boots
42%
Table Tech Sight
42%
Trusty Lockpicks
42%
Uranium Ammolet
42%
Vorpal Bullets
42%
Ammo Belt
39%
Blast Helmet
39%
Bloodied Scarf
39%
Bloody Eye
39%
Book of Chest Anatomy
39%
Busted Television
39%
Chance Bullets
39%
Charming Rounds
39%
Coin Crown
39%
Galactic Medal of Valor
39%
Grappling Hook
39%
Gungeon Pepper
39%
Laser Sight
39%
Lodestone Ammolet
39%
Nanomachines
39%
Old Crest
39%
Old Knight's Flask
39%
Old Knight's Helm
39%
Ring of Chest Friendship
39%
Ring of Ethereal Form
39%
Scouter
39%
Shield of the Maiden
39%
Snowballets
39%
Super Hot Watch
39%
Turtle Problem
39%
Utility Belt
39%
Ancient Hero's Bandana
35%
Bionic Leg
35%
Boomerang
35%
Brick of Cash
35%
Cat Bullet King Throne
35%
Copper Ammolet
35%
Gas Mask
35%
Katana Bullets
35%
Lich's Eye Bullets
35%
Liquid Valkyrie
35%
Metronome
35%
Old Knight's Shield
35%
Potion of Lead Skin
35%
Rat Boots
35%
Sense of Direction
35%
Shelleton Key
35%
Sprun
35%
Stuffed Star
35%
Unity
35%
Battle Standard
32%
Bullet Time
32%
Crisis Stone
32%
Drum Clip
32%
Eyepatch
32%
Heart Purse
32%
Heavy Boots
32%
iBomb Companion App
32%
Orbital Bullets
32%
Ring of Miserly Protection
32%
Ring of Triggers
32%
Roll Bomb
32%
Rolling Eye
32%
Table Tech Stun
32%
Teleporter Prototype
32%
Ticket
32%
Ballistic Boots
29%
Clear Guon Stone
29%
Coolant Leak
29%
Frost Ammolet
29%
Heart Holster
29%
Hip Holster
29%
Jar of Bees
29%
Magazine Rack
29%
Mustache
29%
Partially-Eaten Cheese
29%
Portable Turret
29%
Riddle of Lead
29%
Ring of Chest Vampirism
29%
Ruby Bracelet
29%
Seven-Leaf Clover
29%
Table Tech Heat
29%
Bracket Key
26%
Bumbullets
26%
Cluster Mine
26%
Live Ammo
26%
Poison Vial
26%
R2G2
26%
Ring of Fire Resistance
26%
Blank Bullets
23%
Chest Teleporter
23%
Chicken Flute
23%
Cloranthy Ring
23%
Easy Reload Bullets
23%
Fortune's Favor
23%
Ice Cube
23%
Resourceful Sack
23%
Aged Bell
19%
Charm Horn
19%
Honeycomb
19%
Macho Brace
19%
Magic Sweet
19%
Oiled Cylinder
19%
Blank Companion's Ring
16%
Number 2
16%
Antibody
13%
Blood Brooch
13%
Bullet Idol
13%
Holey Grail
6%
No matching quizzes found
Score Distribution
Percent of People with Each Score
Percentile by Number Answered
Your Score History
You have not taken this quiz